| 000 | 00358cam a2200133ua 4500 | ||
|---|---|---|---|
| 003 | OSt | ||
| 008 | 221107b |||||||| |||| 00| 0 eng d | ||
| 041 | _aeng | ||
| 082 |
_a338.634 _bINT/PO |
||
| 245 | _aPower transmission for cottage industry | ||
| 260 |
_aWashington : _bInternational co-operation administration , _c1960. |
||
| 300 | _a37 ; . | ||
| 942 | _cBK | ||
| 999 |
_c11545 _d11545 |
||